000 00592nam a2200181Ia 4500
003 IEPS
005 20250703135255.0
008 250223s9999||||xx |||||||||||||| ||und||
040 _CIEPS
041 _aara
082 _a001.4
100 _aعبد الخالق فوزي
245 0 _aطرق البحث العلمي المفاهيم و المنهجيات و تقارير نهائية
260 _aبنغازي
_bالمكتب العربي الحديث
_c2007
300 _a250 ص.
_bمخطاطات
_c24 سم.
653 _aالبحث العلمي .- مناهج البحث
942 _cكتاب
999 _c12095
_d12095